000 00390nam a22001337a 4500
082 _a621.3
_bPIE
_cL-9, P-33
100 _aPierre, Walter LA.
_941172
245 _aIntroduction to electrical engineering.
260 _aNew York
_bHarper & Brothers Publishers.
300 _aviii, 339. :
_bill. :
_c8 Cm
526 _a0
_b0
_c0
_d621_300000000000000_PIE
650 _aMCE
_9379
942 _2ddc
_cBK
999 _c545352
_d545352